Movies Quiz

Random Movies or Oscar Quiz

Oscar winning movies 2010 Quiz Stats

 Plays Quiz not verified by Sporcle

Challenge
Share
Tweet
Embed
Score 0/14 Timer 03:00
0 Plays Today
Amount of wins Films % Correct
3 Awards (Visual Effects, Cinematography, Art Direction)Avatar
94.7%
6 Awards (Picture, Director, Sound Editing, Sound Mixing, Original Screenplay, Film EditingThe Hurt Locker
93%
2 Awards (Score, Animated Picture)Up
91.2%
2 Awards (Supporting Actress, Adapted Screenplay)Precious
76.3%
2 Awards (Song, Lead Actor)Crazy Heart
73.7%
1 Award (Lead Actress)Blind Side
70.2%
1 Award (Supporting Actor)Inglourious Basterds
53.5%
Amount of wins Films % Correct
1 Award (Makeup)Star Trek
43.9%
1 Award (Costume Design)Young Victoria
39.5%
1 Award (Documentary)Cove
35.1%
1 Award (Animated Short)Logorama
21.1%
1 Award (Foreign Film)A Secret In their Eyes
19.3%
1 Award (Documentary Short)Music By Prudence
12.3%
1 Award (Live Action Short)New Tenants
10.5%

You're not logged in!

Compare scores with friends on all Sporcle quizzes.
OR
Log In

You Might Also Like...

Show Comments

Extras

Top Quizzes Today


Score Distribution

Your Account Isn't Verified!

In order to create a playlist on Sporcle, you need to verify the email address you used during registration. Go to your Sporcle Settings to finish the process.

Report this User

Report this user for behavior that violates our Community Guidelines.

Details: